El Álbum de la película : (Registro nro. 11979)

Detalles MARC
000 -LIDER
fixed length control field 00641nam a22002177a 4500
001 - NÚMERO DE CONTROL
Identificador de número de control 0011780
003 - IDENTIFICACDOR DE NÚMERO DE CONTROL
control field DO-SdBNP
005 - DATE AND TIME OF LATEST TRANSACTION
control field 20180212111157.0
007 - CAMPOS FIJOS DE DESCRIPCIÓN FÍSICA
fixed length control field 0011780
008 - ELEMENTOS DE LONGITUD FIJA
fixed length control field 161117b 2004 sp||||| |||| 00| 0 spa d
020 ## - ISBN
International Standard Book Number 9788439207443
040 ## - FUENTE DE CATALOGACIÓN
Agencia que crea de manera original el registro BPMSU
Idioma de catalogación spa
Agencia que realiza la transcripción BPMSU
082 ## - NÚMERO DE CLASIFICACIÓN DECIMAL DE DEWEY
Classification number xxxxxxxxx
Item number xxxxxxxxx
245 03 - MENCIÓN DE TITULO
Título El Álbum de la película :
Subtítulo ¡basado en el nuevo filme! /
Mención de responsabilidad traducción Elsa Afonso Mory
260 ## - PUBLICACIÓN, DISTRIBUCIÓN, ETC. (PIE DE IMPRENTA)
Lugar de publicación, distribución, etc Madrid :
Nombre del editor, distribuidor, etc. Gaviotas ediciones,
Fecha de publicación, distribución, etc 2004.
300 ## - DESCRIPCIÓN FÍSICA
Extensión 48 p. :
Otros detalles físicos il.,
Dimensiones 29 cm.
700 1# - ASIENTO SECUNDARIO -- NOMBRE PERSONAL
Nombre personal Afonso Mory, Elsa
942 ## - ADDED ENTRY ELEMENTS (KOHA)
Source of classification or shelving scheme Dewey Decimal Classification
Koha item type Libros
945 ## - INFORMACIÓN DE PROCESAMIENTO LOCAL
Información de procesamiento local inventariado, 2018 / dg
956 ## - LOCAL ELECTRONIC LOCATION AND ACCESS (OCLC)
Nombre de host BTAVÁREZ
Número de acceso 10
Información de compresión 20161117
Trayectoria 0011780
Existencias
Withdrawn status Lost status Source of classification or shelving scheme Damaged status Not for loan Collection code Home library Current library Date acquired Source of acquisition Total Checkouts Full call number Barcode Date last seen Price effective from Koha item type
    Dewey Decimal Classification     Colección Infantil General Biblioteca Pública Metropolitana Salomé Ureña Biblioteca Pública Metropolitana Salomé Ureña 11/17/2016 Fundi   xxxxxxxxx xxxxxxxxx BPMSU16111390 11/17/2016 11/17/2016 Libros